000 00394nam a2200169Ia 4500
003 OSt
005 20240123095831.0
008 170524s9999 xx 000 0 und d
020 _a978-9351429173
040 _cIIMT UNIVERSITY
100 _aGOSH, P.K.
100 _c2006
245 0 _aINDUSTRIAL PSYCHOLOGY
260 _aDELHI
_bHIMALAYA PUBLICATION
_c2006
300 _a568
942 _2ddc
_c02
999 _c2329
_d2329